| 000 | 00553nam a22002057a 4500 | ||
|---|---|---|---|
| 999 |
_c363 _d363 |
||
| 003 | OSt | ||
| 005 | 20191003105425.0 | ||
| 008 | 140902b xxu||||| |||| 00| 0 eng d | ||
| 020 | _a0443048568 | ||
| 040 | _cDDC | ||
| 082 | _aWB 5 M225j 1995 | ||
| 100 |
_aEdited by John, F. Munro; Edwards, C.R.W. _912971 |
||
| 245 | _aMacleod's Clinical Examination | ||
| 250 | _a9th ed. | ||
| 260 |
_aLondon: _bChurchill Livingstone; _c1995 |
||
| 300 |
_a379 p : _bcol.ill ; _c27 cm. |
||
| 504 | _aIncludes Index | ||
| 650 |
_aMedicine MQCs _9324 |
||
| 942 |
_2z _cB_BANK |
||